02473nam a2201165 450000500170000000800410001704100080005808200240006624500240009049000230011465000150013765000100015265000160016265000130017865000130019165000140020465000150021865000120023365000110024565000120025665000120026865000130028065000140029365000130030765000100032065000130033065000090034365000100035265000130036265000120037565000120038765000110039965000140041065000120042465000110043665000210044765000200046865000140048865000140050265000150051665000120053165000120054365000130055565000140056865000130058265000110059565000180060665000240062465000120064865000120066065000130067265000130068565000130069865000090071165000150072065000120073565000150074765000110076265000100077365000130078365000110079665000100080765000100081765000130082765000130084065000120085365000180086565000190088365000100090265000140091265000150092665000120094165000170095365000120097065000080098265000160099065000130100665000100101965000140102965000140104365000130105765000180107065000150108865000100110365000110111365000110112465000160113565000150115165000110116665000110117765000140118865000190120265000100122165000120123165000110124365000120125465000140126665000120128065000150129220250828115819.0250828b |||||||| |||| 00| 0 spa d aESP aMapas geográficos aMapas geográficos aTemática General aCOSTA RICA aMAPAS aGEOGRAFÍA aREGIONES aCANTONES aDISTRITOS aPROVINCIAS aUJARRAS aISTARU aTAPANTI aCARACHA aCARBONAL aARPINTERA aCIPRESES aCIRRI aCIRUELAS aCOCO aCOLON aCOLORADO aESCOBAL aEULALIA aGARITA aGERTRUDIS aGUACIMA aHORNOS aPUENTE DE PIEDRA aREAL DE PEREIRA aPORROSATI aLAS NUBES aLA LAJUELA aLA HOJA aPATARRA aCHAGUITE aCHILAMATE aDESMONTE aESCAZU aMARIA AGUILAR aMONTES DEL AGUACATE aMORAVIA aMORAZAN aOCHOMOGO aORATORIO aPALMARES aPARA aTRES RIOSS aTURALES aTURRUCARES aURASCA aBALSA aPICAGRES aURICHE aVIGIA aVOLIO aSETILLAL aTACACORI aTACARES aTIERRA BLANCA aBOCA DEL MONTE aBURIO aCAÑUELA aCAPELLADES aLINDORA aLLANO GRANDE aMACHUCA aCOT aCUAJINIQUIL aCUCUBRES aTEJAR aCOTO BRUS aCUBUJUQUI aSALITRAL aSANTO DOMINGO aSAN ISIDRO aPAVAS aSARCHI aTIRIBI aRIO SEGUNDO aSAN ISIDRO aTOBOSI aTORRES aREVENTADO aRINCON DE MORA aRODEO aROSALES aBIRRIS aPACAYAS aSAN RAMON aPARAISO aCURRIDABAT